Missing Word: Famous Spanish People Quiz Stats

 Plays Quiz Updated Mar 5, 2016

Challenge
Share
Tweet
Embed
Score 0/20 Timer 05:00
1 Play Today
Person Missing Word % Correct
Salvador ____Dalí
95.1%
_____ PicassoPablo
91.3%
________ CruzPenélope
85.2%
Plácido _______Domingo
79.5%
Miguel de _________Cervantes
79.1%
Rafael _____Nadal
76.1%
Julio ________Iglesias
71.7%
_________ FrancoFrancisco
70.9%
______ BardemJavier
70.7%
Juan ______ I of SpainCarlos
70.5%
Person Missing Word % Correct
______ CortésHernán
65%
________ I of CastileIsabella
62.3%
Saint Ignatius of ______Loyola
46.7%
Federico ______ LorcaGarcía
40.7%
Francisco _______Pizarro
40.2%
Saint ______ of ÁvilaTeresa
29.5%
____ HernándezXavi
25.3%
Luis ______Buñuel
24%
Diego _________Velázquez
23.9%
Vasco _____ de BalboaNúñez
15%

Today's Daily Dose

You're not logged in!

Compare scores with friends on all Sporcle quizzes.
Join for Free
OR
Log In

You Might Also Like...

Show Comments

Extras

Top Quizzes Today


Score Distribution

Your Account Isn't Verified!

In order to create a playlist on Sporcle, you need to verify the email address you used during registration. Go to your Sporcle Settings to finish the process.

Report this User

Report this user for behavior that violates our Community Guidelines.

Details: